Most Olympics without medals - Statistics

General Stats
  • This quiz has been taken 26 times
  • The average score is 8 of 15
Answer Stats
Games Country % Correct
26 Andorra
73%
21 Malta
68%
19 Nepal
68%
14 Belize
64%
33 Monaco
64%
14 Republic of the Congo
59%
23 Bolivia
55%
14 Honduras
55%
15 Mali
55%
14 Nicaragua
50%
17 Bosnia and Herzegovina
45%
14 Chad
45%
17 Madagascar
45%
14 Liberia
41%
19 Myanmar
41%
No matching quizzes found
Score Distribution
Percent of People with Each Score
Percentile by Number Answered
Your Score History
You have not taken this quiz